Word Ladder: What Are Fiddles? Quiz Stats

 Plays Quiz Updated Apr 12, 2016

Challenge
Share
Tweet
Embed
Score 0/26 Timer 03:00
0 Plays Today
Clue 4-Letter Word % Correct
✧ Azure, royal, or navy, e. g. ✧✦ BLUE ✦
99%
Adhesive, often in stick formGLUE
98.4%
Precedes 'dunk' in basketballSLAM
96.7%
✧ Closing time at a bar: last ____✦ CALL ✦
96.6%
Opposite of lessMORE
96.2%
To vend goods or servicesSELL
96%
Smallest unit of lifeCELL
95.5%
Semiaquatic marine mammalSEAL
95.5%
Line where fabric is stitched togetherSEAM
95.4%
Sullen, unhappyGLUM
94.9%
Urban area of squalorSLUM
94.6%
Skin growth or burrowing mammalMOLE
94.2%
Stephen King book: 'The Green ____'MILE
93.3%
Clue 4-Letter Word % Correct
Climbing plant or 6-second videoVINE
92.1%
Male childrenSONS
91.7%
Wrath, sloth, and envy, e. g.SINS
91.7%
Trigonometric functionSINE
91.3%
✧ Extremely unpleasant, wicked ✧✦ VILE ✦
90.5%
Positively or negatively charged atomsIONS
90.2%
Traditional set of folk knowledgeLORE
90.2%
✧ Object used to attract fish ✧✦ LURE ✦
89.3%
Lacking in colorPALE
88.6%
Clean, unadulteratedPURE
87.5%
Cloth draped over a coffin PALL
87.2%
✧ Lodgings for travelers ✧✦ INNS ✦
85.7%
To cut or trimPARE
82.9%

Today's Daily Dose

You're not logged in!

Compare scores with friends on all Sporcle quizzes.
OR
Log In

You Might Also Like...

Show Comments

Extras

Top Quizzes Today


Score Distribution

Your Account Isn't Verified!

In order to create a playlist on Sporcle, you need to verify the email address you used during registration. Go to your Sporcle Settings to finish the process.

Report this User

Report this user for behavior that violates our Community Guidelines.

Details: